000 00947nac a22002777a 4500
001 BR8404407
003 BR-BrBNA
005 20240105120148.0
008 230509b bl.|||m| |||| 00| 0 por d
040 _aBR-BrBNA
_bpor
_cBiblioteca Nacional de Agricultura
072 _aP31; P36
090 _aP31 BR8404407
100 1 _aMendes, W.
100 1 _aCastro, A.F. de
110 1 _aServico Nacional de Levantamento e Conservacao de Solos, Rio de Janeiro, RJ (Brasil)
_99379
245 1 _aLimitacoes do uso dos solos do estado do Parana por susceptibilidade a erosao [Brasil]
260 3 _aRio de Janeiro, RJ (Brasil):
_c1984.
300 _a19 p.
490 _aDocumentos - Servico Nacional de Levantamento e Conservacao de Solos (Brazil)
_vno. 8
_x
500 _a16 ref.
650 _aRECONHECIMENTO DO SOLO
650 _aEROSAO DO SOLO
650 _aPARANA
909 _a202312
_bLúcia Elande
_c55
_dLúcia Elande
942 _2AGRIS
_n0
_cMS
999 _c278166
_d278166